00714cam a2200181 a 4500008004100000020001500041035001200056050002100068100002600089245011800115260007000233300002100303440004100324500003400365600004000399651004700439651004600486030814s1992 ck 000 0 spa u a9589028802 aa431142 0aF2221 bS26 19921 aSantisteban Miguel de10aMil leguas por América de Lima a Caracas 1740-1741 :bdiario de don Miguel de Santisteban /cDavid J. Robinson. aSantafé de Bogotá, Colombia :bBanco de la Republica, c1992. a323 p. ;c20 cm. 0aBibliográfica. Historia colombiana aIncluye apéndice e índice14aSantisteban, Miguel de, d1691-177324aAmérica del Sur xDescripción y viajes24aAmérica del Sur xHistoria yHasta 1830